000 00899nas a2200277 4500
001 BR2017002314
003 BR-BrBNA
005 20231205131053.0
007 ta
008 230509b bl.|||p| |||| 00| 00por d
040 _aBR-BrBNA
_bpor
_cBiblioteca Nacional de Agricultura
041 _a(En)
072 _aF30
100 1 _aOliveira, E.C. de
100 1 _aPinto-Maglio, C.A.F.
245 1 _aCytomolecular characterization of cultivars and landraces of wheat tolerant and sensitive to aluminum toxicity
650 _aTRIGO
650 _aVARIEDADE
650 _aGENÓTIPO
650 _aHIBRIDAÇÃO
650 _aCROMOSSOMO
773 0 _tBragantia (Brazil)
_xISSN 1678-4499
_g(Oct-Dec 2017), v. 76(4) p. 456-469
_wBR2017002314
856 4 0 _uhttp://www.scielo.br/pdf/brag/v76n4/0006-8705-brag-1678-44992016278.pdf
909 _a202311
_bLúcia
_c55
_dLúcia Elande
942 _2AGRIS
_n0
_cANA
999 _c252874
_d252874